000 00207nam a2200085Ia 4500
008 170620s9999 xx 000 0 und d
100 _aReddi Rama
245 0 _aJudicial Office's Exmination
260 _bUniversal Law Pub.
260 _c2006
999 _c29044
_d29044